| 000 | 00573nam a2200229Ia 4500 | ||
|---|---|---|---|
| 003 | OSt | ||
| 005 | 20230327142205.0 | ||
| 008 | 210423s2008 xx 000 0 und d | ||
| 020 | _a10818209044 | ||
| 040 | _cAL | ||
| 041 | _aeng | ||
| 082 | _a332.1 GURS | ||
| 100 |
_aGURUSAMY (S) _978416 |
||
| 245 | _aBanking theory law and practice | ||
| 260 |
_aNew Delhi _bTata McGrawhill _c2008 |
||
| 300 |
_axii,347 _bPB |
||
| 365 |
_b135 _cINR |
||
| 650 |
_aBanking _978417 |
||
| 650 |
_aEconomics _978418 |
||
| 906 | _aBanking ; law ; practice ; theory | ||
| 942 |
_2ddc _cBK |
||
| 999 |
_c156122 _d156122 |
||